000 01182nam a2200217Ia 4500
003 Ost
005 20260507075657.0
008 260507s9999||||xx |||||||||||||| ||und||
040 _cfsecg
041 _aara
082 _a332.55
100 _aاندراوس، عاطف وليم
_eمؤلف
245 0 _aالسياسة المالية وأسواق الأوراق المالية :
_bخلال فترة التحول لإقتصاد السوق /
_c عاطف وليم اندراوس
260 _aالاسكندرية:
_bمؤسسة شباب الجامعة,
_c2005
300 _a465 صفحة؛
_bإيضاحات ؛
_c24 سم
504 _aالمراجع ص.420 الملاحق ص.431
520 _aدور السياسة المالية في تنمية السوق خلال فترات التحول، الأزمة المالية الأسيوية ودور النظام المالي فيها، سوق الأوراق المالية وتحول اقتصاد السوق في مصر، دور السياسة المالية في تنمية سوق الأوراق المالية في مصر.
653 _aالأوراق النقدية
653 _aالسياسة المالية
942 _cكتاب
999 _c45726
_d45726